MDQL
is popping MORE tags! Check the
thread
!
Quizzes
Events
Quiz Creation
Community
Videos
Private Events
Remove Ads
Sign In
Join for FREE
Feedback
Dark Mode
Quiz Categories
Sports
Geography
Music
Movies
Television
Just For Fun
Miscellaneous
History
Literature
Language
Science
Gaming
Entertainment
Religion
Holiday
For Kids
Quiz Lab
Recent
Popular Today
Quiz Kudos Today
Editor Picks
Curator Picks
Quizzes by...
Day
Popularity
Type
Ratings
Length
Year
Community
Subscriptions
Recent Discussions
Orange Saloon
Badges
Playlists
Quests
Create
Leaderboards
Showdown
Live 5
Trivia Bingo
Activity
Puzzle Library
Sporcle Events
Private Events
Virtual Trivia
Globe League
Become a Host
Pub Owners
SporcleCon
Opinionation
Our Games
Videos
Blog
Mobile Apps
Partnerships
Remove Ads and Go Orange
Feedback
Television
TV Characters
TV Show
Sitcom
Network
Friends
Reality Shows
Cast
South Park
Star Trek
The Simpsons
Doctor Who
Television
TV Characters
TV Show
Sitcom
Network
Friends
Reality Shows
Cast
South Park
Star Trek
The Simpsons
Doctor Who
Random Quiz
Search Sporcle
×
Quiz Lab
Quiz Lab
Television
Network
Type in answers that appear in a list
Type in answers that appear in a list
Classic
Best Score? Go Orange.
Simpsonized Movie Titles Stats
Can you name the Simpsons episodes from the movie titles?
By
JimmyJames
10m
27 Questions
199 Plays
199 Plays
199 Plays
Comments
Comments
Give Quiz Kudos
Give Quiz Kudos
-
- Ratings
hide this ad
More Info
Replay
Link that replays current quiz
Next Quiz
Link to next quiz in quiz playlist
You Got
0%
They Got
Avg Score
53%
Avg Friend Score
Upgrade to see
Score Distribution
Jump to the score distribution portion of the page
Score
0/27
Timer
10:00
0
Plays Today
Movie Title
Episode Title
% Correct
Home Alone
Homer Alone
75.9%
The Last Temptation of Christ
The Last Temptation of Krust
73.9%
A Fish Called Wanda
A Fish Called Selma
68.3%
The Grapes of Wrath
The Crepes of Wrath
65.3%
Thirty Two Short Films About Glenn Gould
22 Short Films About Springfield
62.8%
Cape Fear
Cape Feare
61.3%
Das Boot
Das Bus
61.3%
Bob Roberts
Sideshow Bob Roberts
60.8%
A Star is Born
A Star Is Burns
60.8%
You Only Live Twice
You Only Move Twice
57.3%
Sophie's Choice
Selma's Choice
56.8%
The Caine Mutiny
The Canine Mutiny
56.3%
Mr. Smith Goes to Washington
Mr. Lisa Goes to Washington
55.3%
Brother From Another Planet
Brother From the Same Planet
55.3%
Movie Title
Episode Title
% Correct
Boyz n the Hood
Boy-Scoutz 'n the Hood
51.8%
Reality Bites
Realty Bites
51.3%
They Saved Hitler's Brain
They Saved Lisa's Brain
50.3%
Dead Poets Society
Dead Putting Society
49.7%
Crimson Tide
Simpson Tide
47.2%
Natural Born Killers
Natural Born Kissers
46.7%
Days of Thunder
Saturdays of Thunder
43.7%
Married to the Mob
Mayored to the Mob
43.7%
Three Men and a Baby
Three Men and a Comic Book
43.2%
Sweet Sweetback's Baadasssss Song
Sweet Seymour Skinner's Baadasssss Song
41.2%
Thirty Seconds over Tokyo
Thirty Minutes Over Tokyo
41.2%
One Hundred and One Dalmatians
Two Dozen and One Greyhounds
37.7%
Double Indemnity
Dumbbell Indemnity
33.2%
Quiz Playlist
Details
Report
Send in Message
Add To Playlist
More Info:
I pulled from seasons 1-10, to keep this from getting too unwieldy. Not intended as a comprehensive list.
Classic:
Type in answers that appear in a list
Quiz Source
Last Updated: Feb 16, 2017
Quiz Scoreboard
CHALLENGE
Sign Up to Join the Scoreboard
Show All
Scores
Hide
Comments
May contain spoilers
Recently Published
Image Sorting: Flags VI
by Barbecue
Geography
2m
Find the 'City' Movie
by crazypaving
Movies
60s
5x2 Blitz: Bands
by SL_Kpop136
Music
30s
More to Explore
Quiz From the Vault
Featured Blog Post
14 Easter Pick-up Lines to Find Eggs With
hide this ad
You Might Also Like...
Tags
Network Quiz
The Simpsons Quiz
TV Show Quiz
episode
season
Today's Top Quizzes in Television
Browse Television
hide this ad
Today's Top Quizzes in Network
Browse Network
Top Contributed Quizzes in Television
1
Survivor Journey Challenge
2
Brooklyn Nine Nine Logic Puzzle (How-To-Play)
3
Total Drama Characters
4
Phoebe Buffay Quotes
5
Survivor Heroes vs. Villains Logic Puzzle
6
Adjectives in 00s TV Shows
7
Survivor Trivia
8
Game of Thrones: Tywin Lannister Start to Finish
9
Emmerdale Characters (from August 2012)
10
Survivor Logic Puzzle: Heroes vs. Villains
Explore More
Trending Topics
Anime
NBA
Harry Potter
Kpop
Marvel
Disney
Crossword
The Office
Puzzle
Pokémon
NFL
Soccer
Song
WWE
Country
hide this ad
More By:
JimmyJames
Quiz
Plays
Rating
Category
Featured
Created
Title Drops
140,366
4.27
Movies
Jun 6, 2010
Shark Week
111,152
4.46
Science
Jul 4, 2010
Less Exciting Movies
92,269
3.97
Movies
Mar 13, 2010
Less Exciting Literature
90,496
4.35
Literature
Jan 1, 2011
Well-Separated Sequels
62,156
4.49
Movies
Feb 17, 2012
Go to Creator's Profile
Score Distribution
Quiz Creator Spotlight
JimmyJames
Follow
Send a Message
Quizzes Created
-
Created Quiz Play Count
-
More By This Creator
Popular Quizzes Today
1
Colored Red Africa Blitz
2
Find the US States - No Outlines Minefield
3
Find the 'City' Movie
4
5x2 Blitz: Bands
5
The Countries of the World
6
Find the US States
7
Find the Countries of Europe - No Outlines Minefield
8
US States
More Television Quizzes
LOST: In Every Sporcle Category
Curator's Pick
Trending Quizzes
Colored Red Europe Blitz I
Colored Red Europe Blitz II
Colored Red Africa Blitz II
Colored Red Europe Blitz III
Colored Red Africa Blitz III
Recently Updated
How Do You Spell That?
pecheneg
Godzilla Movies
pecheneg
Grab Bag: 4-10 Letters
pecheneg
2024 March Madness Bracket
pecheneg
Famous TV Couples
Peacemaker
Champions League XIs: Real Madrid
pecheneg
Largest US Cities 1790-2010
pecheneg
Rides in Walt Disney World
pecheneg
Most Oscar Losses (Acting)
pecheneg
Beyoncé Albums
pecheneg
Trending Topics
Disney
Anime
Kpop
NBA
Marvel
Crossword
Harry Potter
Pokémon
The Office
WWE
Puzzle
Song
Country
NFL
Soccer
Your Account Isn't Verified!
In order to create a playlist on Sporcle, you need to verify the email address you used during registration. Go to your
Sporcle Settings
to finish the process.
Report this User
Report this user for behavior that violates our
Community Guidelines
.
Details:
Send Report
Go to the Sporcle.com Mobile Site →
Comments